Los Ajustes económicos /
Para el caso particular de Costa Rica, la concepción de "crisis" como un momento de ruptura parece ser correta, entre 1979 y 1982 ocurrió la ruptura de un período iniciado en los años 40, en donde el modelo de desarrollo y las concepciones económicas siguieron el rumbo liberacionista (con...
সংরক্ষণ করুন:
| প্রধান লেখক: | |
|---|---|
| বিন্যাস: | পাঠ্য |
| বিষয়গুলি: | |
| ট্যাগগুলো: |
ট্যাগ যুক্ত করুন
কোনো ট্যাগ নেই, প্রথমজন হিসাবে ট্যাগ করুন!
|
MARC
| LEADER | 00000 a a2200000 04500 | ||
|---|---|---|---|
| 001 | 4025 | ||
| 003 | |||
| 040 | |||
| 100 | |a Torres Padilla, Oscar | ||
| 245 | |a Los Ajustes económicos / |c Oscar Torres Padilla | ||
| 520 | |a Para el caso particular de Costa Rica, la concepción de "crisis" como un momento de ruptura parece ser correta, entre 1979 y 1982 ocurrió la ruptura de un período iniciado en los años 40, en donde el modelo de desarrollo y las concepciones económicas siguieron el rumbo liberacionista (con el PLN). En 1982, cuando Luis Alberto Monge asume la presidencia del país, en la cumbre del conflicto Estados Unidos-Nicaragua, se convierte en un receptor privilegiado de la ayuda económica norteamericana, por otra lado, la economía nacional seguió los lineamientos del FMI, de la AID y del Banco Mundial. La débil estabilidad económica del país, permitió que Oscar Arias del Partido Liberación Nacional, ganara las elecciones y en el gobierno de éste, se aprueba el "Convenio de préstamo para el Ajuste Estructural", entre la República de Costa Rica y el BIRF (PAE I) además, en esta administración la política económica del país se muebe en base a las condiciones impuestas por los organismos financieros internacionales. En la actual administración de Calderón Fournier (PUSC), se han aprobado el PAE II y el PAE III y, la política económica neoliberal ha producido una mayor desigualdad social con concentración de la riqueza, y además pese a que el gobierno ha implementado programas de compensación social, éstos no producen resultados efectivos a mediano o largo plazo. VJ/MR | ||
| 650 | |a AYUDA ECONOMICA | ||
| 650 | |a POLITICA ECONOMICA | ||
| 650 | |a ESTADO | ||
| 650 | |a RECESION ECONOMICA | ||
| 650 | |a RELACIONES NORTE |z -SUR | ||
| 650 | |a FMI | ||
| 650 | |a BANCO MUNDIAL | ||
| 650 | |a ESTABILIZACION ECONOMICA | ||
| 773 | |g número 38; páginas 5-9 | ||
| 999 | |c 23338 |d 23338 | ||
| 773 | 0 | |0 19245 |9 4877 |a Centro de Estudios para la Acción Social |d San José, Costa Rica: CEPAS |o MFN: 1253 |t Costa Rica: | |
